LIBRARY & INFORMATION CENTRE, KCAET, TAVANUR

ONLINE PUBLIC ACCESS CATALOGUE (OPAC)

Our Food / (Record no. 1011)

MARC details
000 -LEADER
fixed length control field 00441cam a2200181ua 4500
041 ## - LANGUAGE CODE
Language code of text/sound track or separate title eng
082 ## - DEWEY DECIMAL CLASSIFICATION NUMBER
Classification number 641.3
Item number SWA/OU
100 ## - MAIN ENTRY--AUTHOR NAME
Personal name Swaminathan, M .
245 ## - TITLE STATEMENT
Title Our Food /
260 ## - PUBLICATION, DISTRIBUTION, ETC. (IMPRINT)
Place of publication Madras :
Name of publisher Ganesh and co, Madras private LTD ,
Year of publication 1966.
300 ## - PHYSICAL DESCRIPTION
Number of Pages 170 ; .
700 1# - ADDED ENTRY--PERSONAL NAME
Personal name Bhagavan, R.K .
942 ## - ADDED ENTRY ELEMENTS (KOHA)
Koha item type Books
Holdings
Withdrawn status Lost status Damaged status Home library Current library Date acquired Full call number Accession Number Koha item type
      KAUAET KAUAET 07/04/2012 641.3 9858 Books
free website counter